Представление документа в формате MARC21

ПолеНазваниеЗначение
  Тип записи a
  Библиографический уровень m
001 Контрольный номер RU\infra-m\znanium\bibl\2237266
005 Дата корректировки 20260429142107.7
008 Кодируемые данные 260120s2025 RU g rus u
020 Индекс ISBN __
a ISBN 978-5-00139-728-1
040 Источник каталогиз. __
a Служба первич. каталог. Общество с ограниченной ответственностью «ЗНАНИУМ»
041 Код языка издания __
a Код языка текста rus
044 Код страны публикации __
a Код страны публикации RU
080 Индекс УДК __
a Индекс УДК 004
080 Индекс УДК __
a Индекс УДК 539
084 Индекс другой классификации/Индекс ББК __
2 Источник индекса rubbk
a Индекс другой классификации/Индекс ББК 223
084 Индекс другой классификации/Индекс ББК __
2 Источник индекса rubbk
a Индекс другой классификации/Индекс ББК 3297
100 Автор __
a Автор Каку М.
q Полное имя Каку Митио
245 Заглавие __
a Заглавие Квантовое превосходство: Революция в вычислениях, которая изменит всё
b Продолж. заглавия Научно-популярная литература
250 Сведения об издании __
a Основные сведения об издании 1
260 Выходные данные __
a Место издания Москва
b Издательство ООО "Альпина нон-фикшн"
c Дата издания 2026
300 Физическое описание __
a Объем 416 с.
520 Аннотация __
a Аннотация В своей новой книге известный физик и непревзойденный популяризатор науки Митио Каку рассматривает феномен квантовых компьютеров способных решать задачи с которыми классические вычислительные системы до сих пор не в состоянии справиться. Развитие квантовых компьютеров может привести к революционным открытиям в криптографии медицине сфере искусственного интеллекта космических исследованиях и многих других областях. Автор обращается к широкому кругу читателей и поэтому рассказывает о сложных процессах и научных достижениях просто и увлекательно. Книга дает возможность заглянуть в будущее и увидеть какие инновации ожидают нас в ближайшие десятилетия и как они изменят нашу жизнь.
521 Примеч. о цел. назн. __
a Примеч. о целев. назн. Дополнительное образование взрослых
650 Тематические рубрики __
a Основная рубрика Науковедение. Общенаучное знание и теории
655 Указ. предметных рубрик (устаревшее) __
a Жанр/ форма (устаревшее) Научно-популярная литература
856 Электронный адрес документа 4_
a Имя сервера/домена znanium.ru
m Помощь ebs_support@infra-m.ru
n Местонахождение сервера НИЦ ИНФРА-М
u URL https://znanium.ru/catalog/document?id=475070
856 Электронный адрес документа 48
a Имя сервера/домена znanium.ru
d Путь /cover/2237
f Электронное имя 2237266.jpg
q Тип электронного формата image/jpeg
u URL https://znanium.ru/cover/2237/2237266.jpg
911 __
u 0030=https://znanium.ru/catalog/document?id=475070